| 000 | 01594cam a22004337a 4500 | ||
|---|---|---|---|
| 001 | 000092966 | ||
| 003 | CHAP | ||
| 005 | 20220329142912.0 | ||
| 008 | 050126d2004 mx r 00110 spa d | ||
| 010 | _a89432 | ||
| 011 | _a90404 | ||
| 035 | _a100960 | ||
| 040 | _cCHAP | ||
| 090 | _aTesis | ||
| 100 | 0 | 0 |
_aHernández Navarrete, Roberto. _954399 |
| 245 | 1 | 0 |
_aDesarrollo del cultivo de la papaya maradol en la Mixteca Poblana / _c/por Roberto Hernández Navarrete. |
| 260 |
_aChapingo, Méx. : _bEl autor, _c2004. |
||
| 300 |
_a51 h. : _bgráfs.; cuadros, mapas, + anexo. |
||
| 502 | _aTesis (M.C en Economía del Desarrollo Rural) -- UACH. División de Ciencias Económico Administrativas. | ||
| 590 |
_aALEPH _b10 _c20130110 _lUCH01 _h1503 |
||
| 590 |
_aBATCH-UPD _b10 _c20130110 _lUCH01 _h0642 |
||
| 590 |
_aBATCH-UPD _b10 _c20130410 _lUCH01 _h0326 |
||
| 590 |
_aBATCH-UPD _b10 _c20130914 _lUCH01 _h1610 |
||
| 590 |
_aBATCH-UPD _b10 _c20140324 _lUCH01 _h1448 |
||
| 590 |
_aBATCH-UPD _b10 _c20141002 _lUCH01 _h0825 |
||
| 590 |
_aCONVERSION _b10 _c20130109 _lUCH01 _h1350 |
||
| 590 |
_aE12093SGE _b10 _c20130620 _lUCH01 _h1235 |
||
| 650 | 1 | 4 |
_aPapaya _xRendimiento. _985356 |
| 650 | 1 | 4 |
_aPapaya _xVariedades. _985361 |
| 650 | 1 | 4 |
_aProyectos de desarrollo. _992528 |
| 650 | 1 | 4 |
_aProyectos _xEvaluación. _992525 |
| 856 |
_3Finding aid _uhttp://10.13.5.2/tesis/100960.pdf _zTeclea aquí |
||
| 901 | _aBK | ||
| 905 | _aElisama A.H. | ||
| 942 | _cCD | ||
| 942 | _n0 | ||
| 949 |
_atesis _bBC _cTES _d100960 _eTS1 _h42950 _i100960 _sb |
||
| 949 |
_atesis _bBC _cTES _d33724000930475 _eTS2 _fc.2 _h42951 _i100960 _si |
||
| 999 |
_c89432 _d89432 |
||